Újévi köszöntő

Podrobná bibliografia
Médium: Článok
Jazyk:maďarčina
Predmet:

MARC

LEADER 00000nab a2200000 a 4500
001 vtls000464069
003 SK-MaSNL
005 20260303000938.0
008 160202c1991 xo 0 hun
015 |a SNBRB19rr/mm-uuuuu 
035 |a CL0464202 
040 |a SNKBUCL  |b slo  |c SNKBUCL  |e AACR2 
041 0 |a hun 
044 |a xo  |c SK 
080 |a 894.511 (437)-1=945.11  |2 1981 
080 |a 398  |2 1981 
245 0 0 |a Újévi köszöntő 
500 |a Zozbierané v Balogu nad Ipľom. 
650 0 7 |a rečňovanky ľudové  |2 snkbucl  |9 710580 
655 7 |a články z novín a časopisov  |2 snkbucl  |9 267496 
655 7 |a články z odboru literárna veda a krásna literatúra  |2 snkbucl  |9 770045 
773 0 |t Közigazgatás  |g Roč. 1, č. 26 (1991), s. 2 
850 |a Slovenská národná knižnica v Martine  |a MTA001 
852 |a SNK  |b KIS3GCP 
958 |a RK 
958 |a HU 
958 |a LX 
992 |a RBX 
999 |c 1560992  |d 1562922